[Event "Chess"]
[Site "Norway"]
[Date "2015.06.19"]
[Round "4.1"]
[White "Topalov, Veselin"]
[Black "Aronian, Levon"]
[Result "1-0"]
[WhiteElo "2798"]
[BlackElo "2780"]
[EventDate "2015.??.??"]
[Annotator "Bojkov,Dejan"]
[PlyCount "115"]
[Beauty "6528484512266"]
[EventType "swiss"]
[EventRounds "9"]
[EventCountry "NOR"]
[WhiteClock "0:20:27"]
[BlackClock "0:20:29"]

1.d4 Nf6 2.c4 e6 3.Nf3 d5 4.Nc3 Bb4 {Aronian's passion for the Ragozin is not a top secret.} 5.Bg5 h6 6.Bxf6 Qxf6 7.Qa4+ {Topalov is as usual very well prepared for the game and chooses a fashionable line. The Armenian GM was tested in the Carlsbad type of positions that arise after the capture on d5 in Wijk an Zee. By Magnus Carlsen himself.} 7...Nc6 8.e3 O-O 9.Be2 ( {Kramnik chose a different approach that suits his style} 9.Rc1 Qg6 10.Qc2 Qxc2 11.Rxc2 Rd8 12.a3 Bf8 13.Nb5 Rd7 14.Bd3 a6 15.Nc3 Ne7 16.Ke2 Rd8 17.b4 {with somewhat better position for White in Kramnik,V (2783)-Aronian,L (2777) Zuerich 2015} ) 9...dxc4 10.O-O Bd7 11.Bxc4 {The statistics of this line is quite favorable for White.} 11...Bxc3 {Somewhat unexpected. Black parts with the bishop pair and is happy to trade a pair of light pieces. Still, his position looks rather passive. Black had also tried:} ( 11...Qe7 12.Qc2 Rac8 13.a3 Bd6 14.b4 {White looks great for White as} 14...e5 $6 {leads to big advantage after} 15.Nd5 Qd8 16.b5 {Iotov,V (2560)-Kacheishvili,G (2612) Richardson 2012} ) ( {A more common idea is to prepare the freeing e6-e5 advance with} 11...Bd6 {Although White had also proved some advantage here with} 12.Ne4 Qe7 13.Qc2 e5 14.d5 Nd8 15.Nxd6 cxd6 16.Rac1 {Wagner,D (2481)-Landa,K (2640) Germany 2013} ) 12.bxc3 Rfd8 13.Be2 {A novelty which prevents the threat Nc6xd4. For the time being Topalov keeps the queen on a4 not letting the freeing operation that Aronian have used before (Nc6-a5 followed by c7-c5). (See the game below)} ( {Not long ago the Armenian GM had to defend against the immediate} 13.Qa3 {He did well after} 13...Qe7 14.Qb2 Na5 15.Bd3 c5 16.e4 Be8 17.Rad1 cxd4 18.cxd4 Rac8 {Shankland,S (2661)-Aronian,L (2770) Tsaghkadzor 2015} ) ( {Also} 13.Qc2 {had been tested some days ago} 13...Na5 14.Bd3 c5 15.Ne5 Be8 16.f4 {Hansen,C (2621)-Hammer,J (2665) Oslo 2015} ) 13...Be8 {This renews the threat Nc6xd4 and forces the white queen to move.} ( {In case of} 13...Qe7 {White can make an useful move} 14.Rab1 ) ( {Generally speaking Black would be happy to trade more pieces but after} 13...Ne5 14.Qb4 Nxf3+ 15.Bxf3 {the difference between the bishops is too big.} ) 14.Qa3 ( 14.Rab1 $2 {drops a pawn after} 14...Nxd4 ) ( 14.Qc2 $5 {deserves attention.} ) 14...Qe7 {Black is happy to trade queens as the strong white center will not be as dangerous in the endgame.} 15.Qb2 ( 15.Qxe7 Nxe7 16.Rab1 b6 ) 15...Na5 $6 ( {A safer choice seems} 15...b6 {followed by Nc6-a5 after that.} ) 16.Qb4 $1 {Now Topalov offers the trade himself! But in the process he changes the pawn structure in his favor. He opens the "c" file for his rooks and can later attack with his "a" and "b" pawns.} 16...Qxb4 17.cxb4 Nc6 18.Rab1 {Topalov got slight but comfortable advantage from the opening. His plan is Rf1-c1, a2-a4 and b4-b5 in the proper moment.} 18...a5 $1 {Aronian does not want to stay still and opens a file for his rooks.} 19.bxa5 Nxa5 20.Rfc1 Rdc8 21.Ne1 $1 {Nice regroupment. White plans Be2-f3 and Ne1-d3-c5.} 21...Ra7 ( {The black bishop can not get activated with} 21...Bc6 22.Nd3 Bd5 {due to} 23.Nb4 b6 $2 24.Nxd5 exd5 25.Bg4 {and White wins a pawn.} ) 22.Nd3 Nc6 23.Bf3 Nd8 $1 {Nice regroupment by Aronian now. The knight gets back but opens the "a" file for the rook.} 24.Nb4 ( 24.Rb2 ) 24...Ra5 {Black prepares the freeing c7-c5 advance. Another way to defend is} ( 24...c6 25.Rb2 ( 25.d5 exd5 26.Nxd5 Rb8 ) 25...Kf8 {with the idea to bring the king to c7.} ) 25.h4 {Grabs space and opens air for the king.} 25...Kf8 {Black decided to postpone the freeing c7-c5 advance for a while.} ( {The utility of the luft is seen in the line} 25...c5 26.Nd3 ( {Or else Black equalizes at once} 26.Rxc5 Raxc5 27.dxc5 Rxc5 ) 26...Rxa2 ( {White is also somewhat better after} 26...c4 27.Rb6 ( 27.Nc5 b5 ) 27...Rb5 28.Rxb5 Bxb5 29.Nc5 ) 27.Nxc5 {and the black pawn on b7 will soon drop.} ) 26.Rc3 c6 27.Bd1 $1 {Another nice maneuver by the former world champion. Since the long diagonal was blocked, the bishop moves to a better position. From b3 it will pressurize the e6 pawn, but more importantly- will take the sting out of the black rook(s) on the a file. Nevertheless, Aronian is getting closer to the equality with each move.} 27...Ke7 28.Bb3 c5 {Finally, Aronian frees himself a bit, but some problems remain. For instance, he can never enter a pawn (knight) endgame as the distant passer on a2 will win the game. The knight on d8 remains passive too.} ( {Black could have kept defending passively with} 28...f6 ) 29.Nd3 b6 30.dxc5 bxc5 {It made sense to trade a pair of bishops with} ( 30...Bb5 31.Bc4 Bxc4 32.Rxc4 bxc5 33.a4 f6 {White is still slightly better but Black should hold.} ) 31.f3 $1 {Topalov does not want to let his opponent go. He expands in the center, earns space, limits the knight and creates some other trouble.} 31...Rc7 ( 31...f6 $5 ) 32.e4 Nb7 33.Rbc1 Ba4 34.e5 Rc6 {Black plans to swap the bishops on b3, bring the rook on the "b" file and trade the freshly produced "b" pawn for his "c" one at last. This plan is very good, but there is one important detail.} ( {He would be relatively save also with} 34...Bxb3 35.axb3 Ra3 36.Kf2 Rd7 37.Ke3 Rd5 38.f4 ) 35.Kh2 Rb6 36.h5 Bxb3 37.axb3 {The culmination of the game. With patient and careful defense Aronian came very close to equlizing the game. But Topalov kept on posing problems all the time and under the pressure the Armenian GM cracks...} 37...Kd7 $2 {Blows the game away!} ( 37...Rab5 $1 {was best even though Black loses a pawn. After} 38.Nxc5 ( 38.g4 {is an instant draw} 38...Rxb3 39.Nxc5 Nxc5 40.Rxc5 Rb7 ) ( 38.b4 {does not work here due to} 38...cxb4 39.Rc8 $2 ( 39.Nxb4 ) 39...Rd5 $1 {and there is no checkmate as in the game.} ) 38...Nxc5 39.Rxc5 {Black has to find the subtle} 39...Rb7 $1 ( {Instead} 39...Rxc5 {loses a pawn after} 40.Rxc5 Rxb3 41.Rc7+ Ke8 42.Rc8+ Ke7 43.Rg8 $1 {and most likely the game-} 43...Rb5 44.f4 f6 45.Rxg7+ Kf8 46.Rh7 fxe5 47.fxe5 Rxe5 48.g4 ) 40.R1c3 f6 41.exf6+ gxf6 {Black should survive although careful play is still required.} ) 38.b4 $1 {Topalov will rarely miss a tactical shot. It is remarkable that the computer understands the power of the move only once that it is played on the board.} 38...cxb4 39.Rc8 {Checkmate is threatened.} 39...Nd8 40.R1c7+ Ke8 41.Nc5 {The threat Rc7-d7 forces Black to part with the exchange.} 41...Rxc5 42.Rxc5 b3 43.Rc1 {The rest is easy for the Bulgarian GM.} 43...Kd7 44.R8c7+ Ke8 45.Rc8 ( {Better than} 45.R7c3 Rb5 46.f4 f6 {which complicates matters.} ) 45...Kd7 46.R8c3 {White combines the threats against the b3 passer with checkmate motifs.} 46...Ke7 ( {Like this one} 46...Rb5 47.Rd1+ Ke7 48.Rc7+ Ke8 49.Rc8 b2 50.Rcxd8+ Ke7 51.R1d7# ) 47.Rd3 Nb7 48.Rdc3 Nd8 49.f4 f6 50.Rc7+ Ke8 51.Rxg7 fxe5 52.Rcc7 Kf8 53.Rh7 Kg8 54.Rcg7+ Kf8 55.Rd7 Kg8 56.Rxh6 Nf7 {A nice finish is} ( 56...b2 57.Rg6+ Kf8 58.h6 b1=Q 59.h7 {and despite the extra queen Black cannot stop checkmate.} ) 57.Rg6+ Kh8 58.Rf6 {Black resigned. A possible finish would have been} ( 58.Rf6 b2 59.Rfxf7 Kg8 60.h6 b1=Q 61.Rg7+ Kf8 62.Rd8# ) 1-0

[Event "Chess"]
[Site "Norway"]
[Date "2015.06.21"]
[Round "5.4"]
[White "Hammer, Jon Ludvig"]
[Black "Topalov, Veselin"]
[Result "0-1"]
[WhiteElo "2677"]
[BlackElo "2798"]
[EventDate "2015.??.??"]
[Annotator "Bojkov,Dejan"]
[PlyCount "148"]
[Beauty "5640386778675"]
[EventType "swiss"]
[EventRounds "9"]
[EventCountry "NOR"]
[WhiteClock "0:15:27"]
[BlackClock "0:09:05"]

{[Annotations by GM Dejan Bojkov]} 
1.d4 d5 2.c4 c6 3.Nf3 Nf6 4.e3 Bf5 5.Nc3 e6 {The last time Topalov played like this was back in 2008.} 6.Nh4 Bg6 7.Nxg6 ( 7.Be2 Nbd7 8.g3 Bd6 9.O-O O-O 10.Nxg6 hxg6 11.Qc2 dxc4 12.Bxc4 c5 {Aronian,L (2757)-Topalov,V (2791) Nanjing 2008} ) 7...hxg6 8.Bd2 Nbd7 9.Qc2 ( {Another possibility is} 9.Qb3 Rb8 10.g3 Be7 11.Bg2 Nb6 12.cxd5 exd5 13.O-O Nc4 {with a complex game, Inarkiev,E (2664)-Artemiev,V (2671) Sochi 2015} ) 9...a6 {Both sides are making useful moves, not willing to commit themselves in the center. Black does not want to trade on c4 for the time being and White does not want to touch his light-squared bishop yet.} 10.O-O-O Be7 11.Kb1 Qc7 12.h3 Rd8 {The last useful move appears to be a novelty.} ( {Black finally blinked in the only predecessor} 12...dxc4 13.Bxc4 b5 14.Be2 c5 15.Bf3 Rc8 16.d5 exd5 17.Nxd5 Nxd5 18.Bxd5 {with some pressure for White in Ehlvest,J (2594)-Lauk,U (2394) Puhajarve 2011} ) 13.c5 {Hammer closes the center. In comparison to Ehlvest-Lauk from above, the line} ( 13.Bd3 dxc4 14.Bxc4 c5 {is great for Black.} ) 13...e5 {Black carrries out the standard central strike. But perhaps another way to attack the white pawn chain was preferable:} ( 13...b6 $5 {for instance} 14.cxb6 Qxb6 15.Bd3 ( 15.Na4 Qb7 16.Rc1 Rc8 ) 15...Rb8 16.Na4 Qb7 17.Rc1 c5 $1 {with good play for Black.} ) 14.f4 $1 {Hammer reacts energetically in the center.} 14...exd4 {Looking back after the game, Topalov came to the conclusion that this move was the reason for his trouble later. He thought he should have closed the center instead with} ( 14...e4 {but after} 15.Be2 Nf8 16.g4 {White definitely has the better chances.} ) 15.exd4 Nh5 16.Ne2 Nhf6 17.Nc3 Nh5 18.Ne2 Nhf6 19.Ng3 $1 {The Norwegian GM corectly avoids the repetition.} 19...Ng8 {Black wants to pus his pawn to f5 and return with the knight to e4, but this plan is energetically prevented.} ( {Topalov did not like his position after the typical} 19...Nf8 20.Bd3 Ne6 21.Ne2 {"White has a lot of space and can easily advance his kingside pawns." (Topalov)} ) ( {But} 19...b6 {was to be prefered again} 20.cxb6 ( 20.Bxa6 $2 bxc5 ) 20...Qxb6 21.Bd3 O-O 22.f5 Bd6 {with a playble position.} ) 20.Bd3 f5 21.Nxf5 $1 {The black king is still in the middle and Hammer is trying to get to it. However, the preliminary} ( 21.Rhe1 $1 {would have been even better since in the line} 21...Ngf6 22.Nxf5 $1 ( {Not} 22.Re6 Nf8 {and Black is in time.} ) 22...gxf5 23.Bxf5 {Black's defense is more complex.} ) 21...gxf5 22.Bxf5 Ndf6 {Someone surprisingly, the knight on g8 is well placed for the defense.} ( 22...Ngf6 23.Bg6+ Kf8 24.Rhe1 {transposes to the line above.} ) 23.Bg6+ Kf8 24.g4 {For the knight White has two pawns, plenty of open files and a lot of space. But the good thing about the extra material is that you can always give some part of it back.} 24...Ne4 $1 25.g5 Rh4 {Tempting, but Topalov misses an incredible resource [which he had seen - PD].} ( {Correct was another move, suggested by Topalov:} 25...Re8 {with the idea Be7-d8.} ) ( {Also good is} 25...Qd7 26.h4 Qg4 {(Topalov)} ) 26.Bc1 {Now it's Hammer's turn to miss the fantastic resource} ( 26.Be1 $3 Rxf4 27.h4 {with the paradoxal idea to return with the bishop to d2. Then White wil occupy the f-file with his rooks and everything will become clear.} ) 26...Qd7 {Now Black is fine.} 27.Qg2 b6 ( {Also good for Black was} 27...Rb8 28.f5 b6 29.cxb6 Rxb6 30.Ka1 {(Topalov)} ) 28.cxb6 Bd6 29.Bxe4 dxe4 30.d5 ( {Moving the pawns a bit further made more sense} 30.f5 Ne7 31.g6 {with approximate equality.} ) 30...Ne7 31.dxc6 Qxc6 32.Rhe1 Qxb6 33.Qxe4 Bc5 34.Rxd8+ Qxd8 {The only one who can be better now is Black, but with so few pawns on the board the objective evaluation is a draw.} 35.Qc4 Qd4 36.Qxa6 g6 {Black could have also taken the pawn back at once} ( 36...Rxh3 {but he has to watch out for tricks:} 37.Qa8+ Kf7 38.g6+ Kf6 $1 ( 38...Kxg6 $2 39.Qg2+ {wins the rook} ) ( {While} 38...Nxg6 $2 {is mate} 39.Qe8+ Kf6 40.Qe6# ) ) ( 36...Qd7 ) 37.Re5 Qd6 38.Qa8+ Kg7 39.Qf3 Bd4 40.Re2 Qd7 41.Qd3 Nc6 $6 {The last move before the time control is an inaccuracy.} ( {Safer is} 41...Nf5 ) 42.Rh2 {White could have improved the position of his rook instead with} ( 42.Rc2 $1 {when the lesser evil for Black would be to lose time with} 42...Ne7 {Topalov also revealed how tricky the position is} ( 42...Rxh3 $2 {loses to} 43.Qb5 Ne5 44.Qxd7+ Nxd7 45.Rc7 ) ( {and} 42...Nb4 43.Rc7 $1 Qxc7 44.Qxd4+ Kf7 45.Qxb4 Rxh3 {might be a draw, but might not be one...} ) ) 42...Nb4 43.Qc4 ( {Black does not risk anything after} 43.Qe4 Qf5 44.Qxf5 gxf5 ) 43...Rxh3 44.Rd2 Qf5+ 45.Ka1 Bc5 {Now Topalov activates his remaining troops and presses as much as he can.} 46.a3 Nd3 47.Rd1 {With idea to put the bishop on c3 (Topalov).} 47...Nxc1 48.Rxc1 Bf8 49.Qd4+ Kg8 50.Rc7 Qe6 51.Qc4 $1 {Hammer defends flawlessly. The only thing he needs is to trade the last black pawn for all his remaining pawns.} 51...Qxc4 52.Rxc4 Kf7 53.a4 Rb3 54.a5 Rb5 ( {At first Black wanted to trade the rooks with} 54...Rb4 55.Rxb4 Bxb4 {but then realized that he is hardly playing for a win after} 56.a6 Bc5 57.Ka2 Ke6 58.Kb3 {and the only one who should be careful is Black. For instance} 58...Kf5 $2 {loses the game to} ( 58...Kd5 ) 59.Kc4 $1 Be3 60.Kd5 Kxf4 61.b4 Kxg5 62.b5 Kf4 63.Kc6 g5 64.b6 Bxb6 65.Kxb6 g4 66.a7 g3 67.a8=Q ) 55.Ra4 Bg7 56.Ra2 ( 56.Kb1 Rxb2+ 57.Kc1 Rb8 58.a6 Bf8 59.Kc2 ) 56...Bd4 57.Ra4 Bxb2+ 58.Ka2 Bc1 59.a6 Rb2+ 60.Ka1 Rb8 61.Rc4 Be3 ( {Hammer thought that} 61...Ba3 {is more dangerous for him, but here too, White should hold after} 62.Rc7+ Be7 63.a7 Ra8 64.Kb2 {as Black cannot untie his pieces whithout the trade of his last pawn:} 64...Ke6 65.Kb3 Bd6 66.Rg7 Kf5 67.Rf7+ Kg4 68.f5 $1 Kxg5 69.fxg6 ) 62.Rc7+ Kg8 63.Rc6 Bd4+ 64.Ka2 Kf7 65.Rd6 Bc3 66.Rc6 Bh8 67.Ka3 Bd4 68.Ka4 Rf8 ( {Topalov got excited by the line} 68...Rb6 69.a7 Rb1 $1 {but then spotted} 70.Rd6 $1 Bxa7 71.f5 $1 gxf5 72.Rf6+ ) 69.Kb5 Kg7 70.Rc7+ Rf7 71.Rxf7+ Kxf7 {Now it is a draw but...} 72.Kc4 Ba7 73.Kd5 Ke7 ( 73...Bb8 74.Kc6 ) 74.Kc6 $4 {Topalov described this as a "fingerfehler" speculating that his opponent believed he played 73... Ba7-b8 instead. Then this move indeed the best. Instead of the unfortunate move in the game Black is easily sharing the point with either} ( 74.f5 gxf5 75.Ke5 ) ( {or even} 74.Ke5 Bb8+ 75.Kd5 ) 74...Ke6 0-1

[Event "Chess"]
[Site "Norway"]
[Date "2015.06.24"]
[Round "8.3"]
[White "Giri, Anish"]
[Black "Topalov, Veselin"]
[Result "1-0"]
[WhiteElo "2773"]
[BlackElo "2798"]
[EventDate "2015.??.??"]
[Annotator "Bojkov,Dejan"]
[PlyCount "111"]
[Beauty "6667265640968"]
[EventType "swiss"]
[EventRounds "9"]
[EventCountry "NOR"]
[WhiteClock "0:58:33"]
[BlackClock "0:11:02"]

{[Annotations by GM Dejan Bojkov]} 
1.d4 Nf6 2.c4 e6 3.Nf3 d5 4.g3 {Topalov has a lot of experience in the Catalan. He had played it in two matches for the world championship.} 4...Bb4+ 5.Bd2 Be7 6.Bg2 O-O 7.O-O c6 8.Qc2 Nbd7 9.Rd1 b6 10.b3 a5 ( {Giri had played this position very recently, but with the black pieces! He did not do so well after} 10...Ba6 11.a4 c5 12.a5 Rc8 13.Qa2 Nb8 14.axb6 axb6 15.Nc3 dxc4 16.Bf4 cxb3 17.Qxb3 Bb7 18.dxc5 {in the game Caruana,F (2802)-Giri,A (2790) Shamkir 2015, in which he miraculously survived.} ) 11.Bc3 Bb7 12.Nbd2 c5 {The central clash frees Black's position. Two pairs of central pawns will soon leave the board, as well as some minor pieces.} 13.Ne5 cxd4 14.Bxd4 Nxe5 15.Bxe5 Qc8 {Once again, the Bulgarian GM comes with a novelty.} ( {Previously only} 15...Ng4 16.Bd4 e5 17.h3 exd4 18.hxg4 Rc8 {has been tested, Hungaski,R (2486)-Gajewski,G (2628) Barcelona 2012} ) 16.Rac1 dxc4 17.Bxf6 {Giri is heading for slight advantage without any risk.} ( {Nothing gives} 17.Qxc4 Bxg2 18.Kxg2 Qb7+ {as now White cannot block the check with the queen from e4 and the line} 19.Qc6 Qxc6+ 20.Rxc6 Rfd8 {is equal (Giri).} ) ( 17.Nxc4 $5 {was interesting as well, for example} 17...Bxg2 18.Kxg2 Qb7+ 19.f3 Rac8 20.Qb2 {with an edge for White.} ) 17...Bxf6 18.Qxc4 Bxg2 19.Kxg2 {Very soon a famous Catalan endgame will arise in which the knight proves to be superior to the enemy bishop. The other problem for the second player is that he has no control of the open c- and d-files.} 19...Qb7+ 20.Qe4 {The point behind White's previous play. He wants to get the knight active on e4.} 20...Rfb8 {The rook on a8 stands well to support the advance of the queenside pawns.} ( 20...Rab8 21.Qxb7 Rxb7 22.Ne4 ) 21.Rc6 Qd7 22.Rcc1 ( {The pawn is invincible due to the pin along the d-file:} 22.Rxb6 $6 Rd8 $1 {for example} ( 22...h6 23.Rc6 Rc8 ) 23.Rc6 Rac8 24.Rxc8 Qxc8 25.Qc4 Qb7+ 26.Kg1 Be7 {and White cannot free the knight easily.} ) 22...Qb7 23.Qxb7 Rxb7 {This is the endgame in question. The black bishop is rather driftless and cannnot attack anything, while the knight can go pretty much anywhere. On top of this, it seems that the arising positions are not to the liking of Topalov. His two main weapons, creativity and attacking skills, are taken away and he needs to suffer forever to held the game to a draw.} 24.Ne4 Be7 25.Nd6 Rd7 ( {In case of} 25...Bxd6 26.Rxd6 Kf8 {Giri intended to proceed} 27.Rcc6 Rab8 28.e4 {"and after e4-e5 and h2-h4-h5 like he did in his game against Aronian." (Giri)} ) 26.Nc4 Rxd1 ( {In case of} 26...Rb7 {Giri planned} 27.Ne5 {but it seems as Black can defend with both the rooks on the board after} 27...f6 28.Nc6 Bc5 {followed by Kg8-f7.} ) 27.Rxd1 b5 ( {Both player spent time analyzing the endgames after} 27...Rd8 28.Rxd8+ Bxd8 29.Kf3 Kf8 30.Ke4 Ke7 31.a4 f6 32.Kd4 Kd7 33.Nb2 Kc6 34.Kc4 {and came to the conclusion that it is drawish, but with some difficulties still.} ) 28.Ne5 Bf6 29.Nd7 {Giri found an interesting attacking construction.} ( {Worse is} 29.Nd3 Rc8 ) 29...a4 {Topalov is trying to trade all the pawns on the queenside. However, this is where Black missed the interesting resource} ( 29...Rc8 30.Rd6 Rc7 $1 {A very difficult move for a human. The idea is to get rid of the annoying rook with Bf6-e7. A possible line is} ( 30...Rc2 31.Ra6 ) 31.Nxf6+ ( 31.Kf3 Be7 $1 {is the point behind Black's last move.} 32.Rd2 f6 ) 31...gxf6 32.Ra6 Rc2 33.Rxa5 Rxe2 ) 30.Rc1 ( 30.Rd6 $5 ) 30...axb3 31.axb3 Be7 32.Rc7 $1 {The position that Giri had in mind. The knight on d7 is placed superbly, stopping the black king from getting to the center.} 32...Rd8 33.Rb7 ( {Black can defend after} 33.Nc5 Kf8 34.Nd3 g5 35.Rb7 Rd5 {(Giri)} ) 33...Bd6 34.g4 {Since the knight is paralyzing Black's position, White can improve the position of his pawns.} ( 34.Nb6 Rb8 ) 34...h5 $6 {Being low on time Topalov decides to sacrifice a pawn, but this looks dubious. He had to stick to the passive defense} ( 34...h6 {although after} 35.h4 {"things are not that easy" (Topalov), say} 35...b4 36.h5 Rc8 37.Rb6 Be7 38.Ne5 ) 35.gxh5 Kh7 {The king is getting active at last but a pawn is a pawn.} 36.b4 $1 ( 36.e4 Kh6 {allows counterplay.} ) 36...Bxb4 ( {Topalov's last chance was the rook endgame after} 36...Kh6 37.Nc5 Bxc5 38.bxc5 Rd5 {with chances for a draw.} ( 38...Kxh5 39.Rxf7 ) ) 37.Ne5 $1 {Now the key pawn on f7 drops, and with it the black kingside crumbles.} 37...Rd5 ( {No time for} 37...f6 $2 38.Nc6 ) 38.Nxf7 Rxh5 ( 38...Bd2 39.e3 Rxh5 40.Nd8 ) 39.f4 Kg6 40.Ne5+ ( {White did good to avoid the tempting} 40.Ng5 e5 41.Rb6+ Kf5 42.Rxb5 ( {and there is no mate after} 42.Kf3 exf4 43.Rxb5+ Kg6 44.Kg4 Bc3 ) 42...Bd2 {(Giri)} ) 40...Kh7 41.Nf7 Kg6 42.Ne5+ Kh7 43.Nf3 $1 {Wins the e6 pawn and the game.} 43...Rf5 ( {The point is that} 43...Kg6 44.Nd4 e5 {does not save the pawn due to} 45.Rb6+ Kf7 46.Rxb5 Bd6 47.Nf3 {(Giri)} ) 44.Ng5+ Kh6 45.Kf3 ( {No need to rush} 45.Nxe6 Rf6 ) 45...Bd2 46.e3 b4 47.Nxe6 Rh5 ( {Topalov suggested} 47...Bc3 {as a more stubborn defense, but White is winning anyway} 48.Kg4 Rd5 49.Ng5 ) 48.Nxg7 Rxh2 49.Nf5+ Kg6 50.Ne7+ Kf6 51.Nd5+ Ke6 52.Ke4 Rh3 53.Rb6+ Kd7 54.Kd3 Bc1 55.Rxb4 Kd6 56.Kd4 1-0